[Event "Buenos Aires 110 Years Argentino CC"]
[Site "Buenos Aires"]
[Date "2015.04.15"]
[Round "2.10"]
[White "Echeguren, Martin"]
[Black "Montes de Oca, Juan Jose"]
[Result "1/2-1/2"]
[WhiteElo "1771"]
[BlackElo "2043"]
[PlyCount "48"]
[EventDate "2015.04.09"]
[EventType "swiss"]
[EventRounds "9"]
[EventCountry "ARG"]
[SourceTitle "EXT 2024"]
[Source "ChessBase"]
[SourceDate "2023.10.10"]
[SourceVersion "1"]
[SourceVersionDate "2023.10.10"]
[SourceQuality "1"]

1. e4 e5 2. Nf3 Nc6 3. Bb5 a6 4. Ba4 Nf6 5. 0-0 Be7 6. Re1 b5 7. Bb3 d6 8. c3 0-0 9. h3 Na5 10. Bc2 c5 11. d4 Qc7 12. Nbd2 Bd7 13. d5 g6 14. Nf1 Nh5 15. Bh6 Rfe8 16. Ne3 Qc8 17. Kh2 Nf4 18. g4 Bf8 19. Bxf4 exf4 20. Ng2 Nc4 21. Rb1 Qd8 22. Nxf4 Qf6 23. Ng2 b4 24. Nd2 Nxb2 1/2-1/2

[Event "Latin Cup-A 6th"]
[Site "Buenos Aires"]
[Date "2015.03.19"]
[Round "1"]
[White "Echeguren, Martin"]
[Black "Sanchez Sandoval, Gonzalo"]
[Result "1-0"]
[WhiteElo "1737"]
[BlackElo "2193"]
[PlyCount "99"]
[EventDate "2015.03.19"]
[EventType "swiss"]
[EventRounds "9"]
[EventCountry "ARG"]
[SourceTitle "CBM 165 Extra"]
[Source "ChessBase"]
[SourceDate "2015.04.21"]
[SourceVersion "1"]
[SourceVersionDate "2015.04.21"]
[SourceQuality "1"]

1. e4 c5 2. Nf3 d6 3. d4 cxd4 4. Nxd4 Nf6 5. Nc3 Nc6 6. Bg5 e6 7. Qd2 Be7 8. Be2 0-0 9. 0-0 Nxd4 10. Qxd4 Qa5 11. Qd2 Qc5 12. Be3 Qc7 13. f4 Bd7 14. Rad1 Bc6 15. Bf3 b5 16. e5 dxe5 17. fxe5 Qxe5 18. Bxc6 Ng4 19. Bf4 Qc5+ 20. Kh1 Qxc6 21. Qe2 Nf6 22. Qxb5 Qxb5 23. Nxb5 Nd5 24. Nc7 Nxf4 25. Nxa8 Nd5 26. Rxd5 exd5 27. Nc7 Rd8 28. Rd1 d4 29. b3 Bf6 30. Nb5 a6 31. Na3 Re8 32. Kg1 h5 33. Kf1 Re5 34. Nc4 Rf5+ 35. Ke2 h4 36. Rf1 Rg5 37. Rf2 Bd8 38. Kd3 Bc7 39. h3 Bb8 40. Re2 Ba7 41. Nd2 Rg3+ 42. Nf3 g5 43. Ke4 Kh7 44. Nxd4 g4 45. Nf5 gxh3 46. Nxg3 hxg3 47. gxh3 f5+ 48. Kf3 Bb8 49. Re8 Bd6 50. Re6 1-0